书目信息 |
| 题名: |
材料科学与技术
|
|
| 作者: | 祁景玉 主编 | |
| 分册: | ||
| 出版信息: | 上海 同济大学出版社 2008.07 |
|
| 页数: | 308页 | |
| 开本: | 26cm | |
| 丛书名: | ||
| 单 册: | ||
| 中图分类: | TB3 | |
| 科图分类: | ||
| 主题词: | 材料科学--cai liao ke xue--高等学校--教材 | |
| 电子资源: | ||
| ISBN: | 978-7-5608-3793-2 | |
| 000 | 00840nam0 2200253 450 | |
| 001 | 012009372972 | |
| 005 | 20090112111320.46 | |
| 010 | @a978-7-5608-3793-2@dCNY45.00 | |
| 100 | @a20090112d2008 em y0chiy0120 ea | |
| 101 | 0 | @achi |
| 102 | @aCN@b310000 | |
| 105 | @aa a 000yy | |
| 106 | @ar | |
| 200 | 1 | @a材料科学与技术@Acai liao ke xue yu ji shu@f祁景玉主编@Fqi jing yu zhu bian |
| 210 | @a上海@c同济大学出版社@d2008.07 | |
| 215 | @a308页@c图@d26cm | |
| 300 | @a同济大学“十一五”规划教材 | |
| 320 | @a有书目 (第307-308页) | |
| 330 | @a本书共分为五篇,内容包括:物质的结构理论、材料的结构、相变与相平衡、材料的性质和新型无机材料的制备工艺。 | |
| 606 | 0 | @a材料科学@Acai liao ke xue@x高等学校@j教材 |
| 690 | @aTB3@v4 | |
| 701 | 0 | @a祁景玉@Aqi jing yu@4主编 |
| 801 | 0 | @aCN@bQSSK@c20090112 |
| 905 | @b736918-20@dTB3@eQ092@f3 | |
| 材料科学与技术/祁景玉主编.-上海:同济大学出版社,2008.07 |
| 308页:图;26cm |
| 同济大学“十一五”规划教材 |
| ISBN 978-7-5608-3793-2:CNY45.00 |
| 本书共分为五篇,内容包括:物质的结构理论、材料的结构、相变与相平衡、材料的性质和新型无机材料的制备工艺。 |
| ● |
| 相关链接 |
|
|
|
正题名:材料科学与技术
索取号:TB3/Q092
 
预约/预借
| 序号 | 登录号 | 条形码 | 馆藏地/架位号 | 状态 | 备注 |
| 1 | 736918 | 207369186 | 自科库501/501自科库 8排4列4层/ [索取号:TB3/Q092] | 在馆 | |
| 2 | 736919 | 207369195 | 自科库501/501自科库 8排4列4层/ [索取号:TB3/Q092] | 在馆 | |
| 3 | 736920 | 207369202 | 自科库501/501自科库 8排4列4层/ [索取号:TB3/Q092] | 在馆 |